00337nam a2200121Ia 4500008004100000082002000041100000900061245005800070250000800128260005200136300001000188650001700198150301s2013 xx 000 0 und d a612.015bP2013R aRAFI aPRINCIPLES & APPLICATIONS OF BIOCHEMISTRY IN MEDICINE a1ST bPATH FINDER MEDICAL PUBLISHERSaHYDERABADc2013 a1-722 aBIOCHEMISTRY